000 00453nam a22001817a 4500
005 20180206105248.0
008 160429b xxu||||| |||| 00| 0 eng d
020 _a81-2970276-2
041 _aeng
082 _b00746
_a005.133
100 _aDeitel, H.M.
_94089
245 _aC++ How to Program
250 _a4TH ED.
260 _aNew Delhi
_bPearson Education, New Delhi
_c2004
300 _a1321
650 _aInformation Technology
_9137
942 _cBK
999 _c226
_d226